LEADER 01144nas 2200385 c 450 001 9910893547103321 005 20260218111044.0 035 $a(CKB)5280000000197833 035 $a(DE-599)ZDB2651152-6 035 $a(OCoLC)1184492778 035 $a(OCoLC)780119068 035 $a(DE-101)1019840994 035 $a(DE-599)2651152-6 035 $a(EXLCZ)995280000000197833 100 $a20120215a20099999 |y | 101 0 $ager 135 $aur||||||||||| 181 $ctxt$2rdacontent 182 $cc$2rdamedia 183 $acr$2rdacarrier 200 10$aMitteilungen / VDLUFA, Verband Deutscher Landwirtschaftlicher Untersuchungs- und Forschungsanstalten 210 31$aDarmstadt$cVDLUFA$d2009- 215 $aOnline-Ressource 300 $aGesehen am 18.10.2016 517 $aMitteilungen / Verband Deutscher Landwirtschaftlicher Untersuchungs- und Forschungsanstalten 517 1 $aVDLUFA-Mitteilungen 608 $aZeitschrift$2gnd-content 676 $a630 801 0$b0100 801 1$bDE-101 801 2$b9999 906 $aJOURNAL 912 $a9910893547103321 996 $aMitteilungen$91921076 997 $aUNINA